000 01054nam a22002895i 4500
999 _c28736
_d28707
003 EG-ScBUE
005 20200917133711.0
008 200219s2016 ua a f b 000 0 ara d
017 _a2015 / 17931
020 _a9789771453116
040 _aEG-ScBUE
_bara
_erda
_cEG-ScBUE
_dEG-ScBUE
043 _af------
082 0 4 _a322.42096
_bس ي س
_222
100 1 _aسيسي، أيمن،
_eمؤلف.
_923938
245 1 0 _aمن نواكشوط إلى تمبكتو :
_bالكتابة على حافة الموت /
_cأيمن السيسي.
264 1 _aالقاهرة :
_bدار نهضة مصر للنشر،
_c2016.
300 _a476 صفحة :
_bصور ؛
_c24 سم
336 _aنص
_btxt
_2rdacontent
337 _aبدون وسيط
_bn
_2rdamedia
338 _aمجلد
_bnc
_2rdacarrier
504 _aيشتمل على إرجاعات ببليوجرافية.
541 _aالسفير علي الحفني ؛
_cإهداء ؛
650 7 _aالإرهاب
_zإفريقيا.
_2BUEsh
651 _2BUEsh
653 _bBUSBOL
_cSeptember2020
942 _2ddc